zpět

Detail výsledku týmu

D9vítka, Šumperk

Datum a čas kvízu

20 Celkem bodů Celkový počet nahraných bodů na tomto kvízu bez doplňovacích otázek.
12. Pořadí na kvízu Konečné umístění týmu na tomto kvízu.

Zaznamenané odpovědi

# Otázka Odpověď Body Výsledky
1. V sobotu začal na pražském Výs... Matějská pouť 0
2. V úterý se v metropoli jedné b... v Rijádu 1
3. Minulý týden odstartovala na T... 4. řada, Suzuki 0
4. Vedení sítě provozoven jistého... KFC 1
5. V české fotbalové reprezentaci... Buffon 0
6. Nyní se od aktualit přesuneme... 1A 2D 3B 4C 0
7. Mladší generace éru druhohor p... sauropodi (Sauropoda) 1
8. Většina fosilií dinosaurů byla... Burianosaurus augustai 0.5
9. Americký spisovatel a scenáris... Michael Crichton 0
10. Na fotce vidíme rekonstrukci l... Lucy 1